000 00719nam a22001817a 4500
003 UA-OsUOA
001 15772
007 ta
008 20031208b un ||||| |||| 00| 0 ukr d
100 _aСамчук Л.
942 _cSA
040 _aUA-OsUOA
_cUA-OsUOA
_dUA-OsUOA
245 _aПервинні партійні організації - основа партії
_b[Бесіда з перш. секретарем Рівнен. обл. ком. Соц. партії Л.Самчуком]/ Розмову вів О.Привітний
300 _aС.1,2
955 _a0
773 0 _w0
_tРівненський діалог
_dРівне
_d2003
_g№38/28 листоп./
650 7 _aКраєзнавча робота
_2UDC
999 _c301937
_d301937